000 00342 a2200157 4500
001 49990
020 _a
040 _cAnchieta - Bela Vista
100 _aLetieres, Liris
240 1 0 _aOs nomes de Marilda
_lpor
245 1 0 _aOs nomes de Marilda
300 _a23
440 1 _aÁtica
650 4 _aLiteratura infanto-juvenil
942 _cBK
999 _c49990
_d49990